| 000 | 01262nam0a22002651i 4500 | ||
|---|---|---|---|
| 001 | rc\3140477 | ||
| 005 | 20240726095401.0 | ||
| 021 |
_aRU _b[75-11874а] |
||
| 035 | _a(NLR Aleph) 007318308 | ||
| 090 |
_a5882719 _c5882719 |
||
| 100 | _a20120615d1975 |||y0rusy50 ca | ||
| 101 | 0 | _arus | |
| 102 | _aRU | ||
| 105 | _ay d ||||| | ||
| 200 | 1 |
_aМатериалы о роли неспецифической резистентности организма в патогенезе лепры _e(Белковый состав и некоторые микроэлементы в крови) _eАвтореф. дис. на соиск. учен. степени канд. мед. наук _e(14.00.11) _fДонецкий гос. мед. ин-т им. А.М. Горького |
|
| 210 |
_aДонецк _d1975 |
||
| 215 | _a18 с. | ||
| 320 | _aСписок работ авт. в конце текста (10 назв.) | ||
| 606 |
_aПроказа _xКлиника _2psbo |
||
| 606 |
_aРеактивность организма _xПри патологических состояниях _2psbo |
||
| 700 | 1 |
_aТорсуева _bН.Н. _gНаталья Николаевна |
|
| 801 | 0 |
_aRU _bNLR _gpsbo |
|
| 801 | 1 |
_aRU _bELAR _2rusmarc |
|
| 852 |
_aNLR _j75-4/13434 |
||
| 942 | _cBOOK | ||